Welcome to CU Library Online Public Access Catalogue (OPAC)

Drawing/ (Record no. 388)

MARC details
000 -LEADER
fixed length control field 00473nam a22001817a 4500
003 - CONTROL NUMBER IDENTIFIER
control field OSt
005 - DATE AND TIME OF LATEST TRANSACTION
control field 20241030163940.0
008 - FIXED-LENGTH DATA ELEMENTS--GENERAL INFORMATION
fixed length control field 241030b |||||||| |||| 00| 0 eng d
020 ## - INTERNATIONAL STANDARD BOOK NUMBER
International Standard Book Number 9780471289685
040 ## -
-- m
050 ## - LIBRARY OF CONGRESS CALL NUMBER
Classification number NC710
Item number .C66
100 ## - MAIN ENTRY--PERSONAL NAME
Personal name Ching, Francis D. K.
245 ## - TITLE STATEMENT
Title Drawing/
Remainder of title a creative process
Statement of responsibility, etc. Francis D. K. Ching
260 ## - PUBLICATION, DISTRIBUTION, ETC.
Place of publication, distribution, etc. New York
Name of publisher, distributor, etc. John Wiley & sons, Inc
Date of publication, distribution, etc. 1990
300 ## - PHYSICAL DESCRIPTION
Extent 206pages
Other physical details ill.
Dimensions 21.5cm
650 ## - SUBJECT ADDED ENTRY--TOPICAL TERM
Source of heading or term Drawing
942 ## - ADDED ENTRY ELEMENTS (KOHA)
Source of classification or shelving scheme Library of Congress Classification
Koha item type Books
Suppress in OPAC No
999 ## -
-- 388
-- 388
Holdings
Withdrawn status Lost status Source of classification or shelving scheme Damaged status Not for loan Collection Home library Current library Shelving location Date acquired Total checkouts Full call number Barcode Date last seen Copy number Price effective from Koha item type
    Library of Congress Classification     Non-fiction Science Library (Miotso) Science Library (Miotso) General stacks 10/30/2024   NC710 .C66 CHI SLM00000182 10/30/2024 1 10/30/2024 Books
© 2023-2024 Copyright: Central University Libraries. All Rights Reserved | Created by: Mahone Tech Office